000 005190000a22002170004500
003 LK-CoMWRAF
005 20230926231159.0
008 230817t ||||| |||| 00| 0 eng d
020 _a8172313829
040 _aLK-CoMWRAF
_dLK-CoMWRAF
_eLK-CoMWRAF
041 _aeng
082 _a261.27
_bBAA
100 _aBaagil, H.M.
245 _aChristian Muslim dialogue
260 _aBuraidah :
_bIslamic guidance centre,
_c2003
300 _a48p
490 _aNo. 77
650 _aIslam
650 _aReligion
942 _cBK
999 _c92
_d92